African Flags with Blue - Statistics

General Stats
  • This quiz has been taken 20 times
  • The average score is 16 of 24
Answer Stats
Country % Correct
South Africa
100%
Somalia
93%
Eritrea
80%
Ethiopia
80%
Lesotho
80%
Djibouti
73%
Eswatini
73%
Central African Republic
67%
Chad
67%
D. R. Congo
67%
South Sudan
67%
Botswana
60%
Equatorial Guinea
60%
Gambia
60%
Namibia
60%
Seychelles
60%
Comoros
53%
Mauritius
53%
Rwanda
53%
Sierra Leone
53%
Tanzania
53%
Cape Verde
47%
Gabon
47%
Liberia
47%
No matching quizzes found
Score Distribution
Percent of People with Each Score
Percentile by Number Answered
Your Score History
You have not taken this quiz